000
00297 a2200121 4500
001
ART_17509
005
20260410161750.0
008
260409a
245
1
0
_a
Switch
100
1
_a
Heath, Chip
700
1
_a
Heath, Dan
773
0
_t
Book Summary
_g
- NÂș 14 (ene. 2011)
_w
REV4099
999
_c
19579
_d
19579